Más de 21000 refranes castellanos no contenidos en la copiosa colección del maestro Gonzalo Correas / (Record no. 114637)
[ view plain ]
| 000 -LEADER | |
|---|---|
| campo de control de longitud fija | 00778nam a2200193 i 4500 |
| 001 - NÚMERO DE CONTROL | |
| campo de control | 114637 |
| 003 - IDENTIFICADOR DE NÚMERO DE CONTROL | |
| campo de control | ES-MaACL |
| 005 - FECHA Y HORA DE LA ÚLTIMA TRANSACCIÓN | |
| campo de control | 20251120142807.0 |
| 007 - CAMPO FIJO DE DESCRIPCIÓN FÍSICA--INFORMACIÓN GENERAL | |
| campo de control de longitud fija | t| |
| 008 - DATOS DE LONGITUD FIJA--INFORMACIÓN GENERAL | |
| campo de control de longitud fija | 070316s1926 sp ||||1| spa d |
| 080 ## - NÚMERO DE LA CLASIFICACIÓN DECIMAL UNIVERSAL | |
| Número de la Clasificación Decimal Universal | 398.9(460)(082.2) |
| 245 00 - MENCIÓN DEL TÍTULO | |
| Título | Más de 21000 refranes castellanos no contenidos en la copiosa colección del maestro Gonzalo Correas / |
| Mención de responsabilidad, etc. | allególos de la tradición oral y de sus lecturas durante más de medio siglo (1871-1926) Francisco Rodríguez Marín. |
| 260 ## - PUBLICACIÓN, DISTRIBUCIÓN, ETC. | |
| Lugar de publicación, distribución, etc. | Madrid : |
| Nombre del editor, distribuidor, etc. | [s.n.], |
| Fecha de publicación, distribución, etc. | 1926 ( |
| Fabricante | Tip. de la "Revista de Archivos") |
| 300 ## - DESCRIPCIÓN FÍSICA | |
| Extensión | 520 p. ; |
| Dimensiones | 25 cm. |
| 650 #4 - PUNTO DE ACCESO ADICIONAL DE MATERIA--TÉRMINO DE MATERIA | |
| Término de materia o nombre geográfico como elemento de entrada | Refranes y proverbios- |
| Subdivisión geográfica | España. |
| 9 (RLIN) | 16726 |
| 700 1# - ENTRADA AGREGADA--NOMBRE PERSONAL | |
| Nombre de persona | Rodríguez Marín, Francisco, |
| Fechas asociadas al nombre | 1855-1943 |
| 9 (RLIN) | 98634 |
| 852 ## - LOCALIZACIÓN | |
| Ubicación | ES-MaACL |
| Número de control de estantería | B-5432 |
| Estatus retirado | Estado de pérdida | Estado de daño | No para préstamo | Biblioteca de origen | Biblioteca actual | Ubicación en estantería | Fecha de adquisición | Fuente de adquisición | Total de préstamos | Signatura topográfica completa | Código de barras | Visto por última vez | Precio de reemplazo | Tipo de ítem Koha |
|---|---|---|---|---|---|---|---|---|---|---|---|---|---|---|
| Biblioteca del Ateneo de Madrid | Biblioteca del Ateneo de Madrid | Sala Pardo Bazán | 17/01/2008 | B-5432 | 1119548 | 23/02/2023 | 23/02/2023 | Libro impreso |
